Mirando al océano: diario de un conscripto

Saved in:
Bibliografiske detaljer
Hovedforfatter: Labarca Hubertson, Guillermo (Author)
Format: Bog
Sprog:spansk
Udgivet: Barcelona Cervantes 1928
Serier:Selección de Novelas Breves
Fag:
Tags: Tilføj Tag
Ingen Tags, Vær først til at tagge denne postø!

MARC

LEADER 00000nam a2200000 a 4500
001 UCZ1747
003 CL-VaPUC
008 950907e19280000SP |||||||||||||||||spa|d
082 0 4 |a Ch863  |b LAB  |2 21 
100 |a Labarca Hubertson, Guillermo  |e author  |9 416215 
245 1 0 |a Mirando al océano: diario de un conscripto 
300 |a 117 p 
942 |c BK 
945 |d 19950907 00:00:00  |a rbrito 
260 |a Barcelona  |b Cervantes  |c 1928 
650 0 |a Novelas chilenas   |9 265425 
583 |a last modification  |c 19950907 00:00:00  |k Rodrigo Vera 
490 0 |a Selección de Novelas Breves 
999 |c 238450  |d 238448 
952 |0 0  |1 0  |4 0  |6 CH_863_000000000000000_LAB_1928  |7 0  |8 A  |9 248629  |a BIBEDU  |b BIBEDU  |d 2019-11-18  |i 312102K  |o Ch863 LAB 1928  |p 312102K  |r 2019-11-18  |w 2019-11-18  |y BK  |k LIT